[Event "HUN-chT2 Breyer 1415"]
[Site "Hungary"]
[Date "2015.03.01"]
[Round "9.10"]
[White "Gaspar, Laszlo"]
[Black "Lakatos, Peter"]
[Result "1/2-1/2"]
[WhiteElo "1886"]
[BlackElo "1836"]
[PlyCount "93"]
[EventDate "2014.09.07"]
[EventType "team-tourn"]
[EventRounds "11"]
[EventCountry "HUN"]
[SourceTitle "EXT 2016"]
[Source "ChessBase"]
[SourceDate "2015.10.08"]
[SourceVersion "1"]
[SourceVersionDate "2015.10.08"]
[SourceQuality "1"]
[WhiteTeam "Sarkany DSE"]
[BlackTeam "Torokbalint"]
[WhiteTeamCountry "HUN"]
[BlackTeamCountry "HUN"]

1. d4 d5 2. c4 c6 3. Nc3 Nf6 4. Nf3 e6 5. Bg5 Be7 6. e3 0-0 7. Bd3 h6 8. Bf4 c5 9. 0-0 Nc6 10. dxc5 dxc4 11. Bxc4 Bxc5 12. Qe2 Qe7 13. Rfd1 e5 14. Bg3 Bg4 15. h3 Bh5 16. Nd5 Nxd5 17. Rxd5 Rad8 18. Rad1 Rxd5 19. Rxd5 Rd8 20. Qd2 Bb4 21. Rxd8+ Nxd8 22. Qd5 e4 23. Qxh5 exf3 24. Qxf3 Qd7 25. Qe4 Bf8 26. Bd3 g6 27. Bc4 Kh7 28. Bd5 Bg7 29. b3 b6 30. Bh4 Ne6 31. f4 Nc5 32. Qc4 Qe8 33. e4 Qd7 34. e5 Ne6 35. Bxe6 fxe6 36. a4 Bf8 37. Bf2 Kg7 38. g4 Be7 39. Kg2 g5 40. f5 exf5 41. gxf5 Qxf5 42. Qg4 Kg6 43. Qc4 Qxe5 44. Qg8+ Qg7 45. Qe6+ Qf6 46. Qe4+ Kf7 47. Qb7 1/2-1/2

[Event "Budapest-chT1 Lilienthal 1213"]
[Site "Budapest"]
[Date "2012.09.30"]
[Round "1"]
[White "Feil, Janos"]
[Black "Gaspar, Laszlo"]
[Result "1/2-1/2"]
[WhiteElo "1707"]
[BlackElo "1912"]
[PlyCount "82"]
[EventDate "2012.09.30"]
[EventType "team-tourn"]
[EventRounds "11"]
[EventCountry "HUN"]
[SourceTitle "EXT 2019"]
[Source "ChessBase"]
[SourceDate "2018.10.10"]
[SourceVersion "1"]
[SourceVersionDate "2018.10.10"]
[SourceQuality "1"]
[WhiteTeam "Budapest Honved"]
[BlackTeam "Budapest RAC"]
[WhiteTeamCountry "HUN"]
[BlackTeamCountry "HUN"]

1. e4 c5 2. Nf3 Nc6 3. Bb5 d5 4. exd5 Qxd5 5. 0-0 Bg4 6. Be2 e5 7. Nc3 Qd7 8. d3 Nf6 9. Bg5 Be7 10. Bxf6 gxf6 11. Ne1 h5 12. f3 Be6 13. Kh1 0-0-0 14. f4 Rdg8 15. fxe5 fxe5 16. Bf3 Nd4 17. Ne2 Nxf3 18. Nxf3 Bd5 19. Nc3 Bc6 20. Rf2 Bd6 21. Qe2 Qf5 22. Ne4 Bc7 23. Nd4 Qd7 24. Nxc6 Qxc6 25. Rxf7 h4 26. Qf3 h3 27. g3 Rd8 28. b3 b5 29. Ng5 Qxf3+ 30. Rxf3 Rdg8 31. Ne4 c4 32. Raf1 cxd3 33. Rxd3 Rf8 34. Rdf3 Rd8 35. Ng5 Rh5 36. Ne6 Rd2 37. Rc3 Rh7 38. Ng5 Rh5 39. Ne4 Rd4 40. Nf6 Rh6 41. Ne8 Rh7 1/2-1/2